Responses for show #6875 - Friday, July 4, 2014

Contestants

Sally Sheinberg, a substitute teacher from Palmdale, California

Kay Thanaporn, a health care consultant from Decatur, Georgia

Christi Esterle, a librarian and stay-at-home mom from Colorado Springs, Colorado (whose 2-day cash winnings total $36,199)

Jeopardy! Round responses

ON THE "LEFT"
COOL IDEA
BESTSELLING AUTHORS BY PARTIAL TITLE
NATIONAL ANIMALS
OLDIES
NEWBIES
    $200 6
leftovers

Sally
    $200 17
a reactor

Christi
    $200 1
(Alex: [*], Pelican Brief.)

John Grisham

Kay
    $200 22
a kiwi

Christi
    $200 7
Bill Haley

Sally
    $200 10
Mexico

Christi
    $400 9
two left feet

Sally
    $400 18
Susan B. Anthony

Christi
    $400 2
Stephen King

Kay
    $400 23
a bull

Kay
    $400 8
dream

Christi
    $400 27
the BBC

Christi
    $600 14
(Christi: What is left tackle?)

left guard

Christi
Triple Stumper
    $600 19
(Kay: What is a rocket?)

a cannon

ChristiKay
    $600 3
Michael Crichton

Christi
    $600 24
a beaver

Kay
    $600 11
his kiss

Christi
    $600 28
Penn State

Kay
    $800 15
the left ventricle

Christi
    $800 20
Election Day

Kay
    $800 4
(Christi: Who is Verne?)

H.G. Wells

Christi
Triple Stumper
    $800 25
a llama

Kay
    $800 12
a teenager

Christi
    $800 29
North Korea

Kay
    $1000 16
(Christi: What is "left holding the bag"?)

left in a lurch

ChristiKay
    $1000 21
ghosts

Christi
    $1000 5
Saul Bellow

Triple Stumper
    $3,600 26
(Alex: It's extinct. We don't know exactly what it looked like.)

a dodo (bird)

Kay
    $1000 13
Frankie Valli and the Four Seasons

Triple Stumper
    $1000 30
Microsoft

Kay

Scores at the first commercial break (after clue 15):

Christi Kay Sally
$2,000 $600 $800

Scores at the end of the Jeopardy! Round:

Christi Kay Sally
$3,800 $9,600 $800

Double Jeopardy! Round responses

THE 6 WIVES OF HENRY VIII
WEIRD SPORTS
"RH" FACTOR
I'M BORED
ARCHAEOLOGY
OPERA TUNES
    $400 12
Catherine of Aragon

Christi
    $400 11
tennis

Sally
    $400 2
(Alex: [*]--that's the right word.)

Rhythm

Kay
    $400 1
dull

Christi
    $400 21
Baffin Island

Christi
    $400 30
the "Wedding March"

Sally
    $5,000 17
Jane Seymour

Kay
    $800 13
elephants

Kay
    $800 3
the rhododendron

Triple Stumper
    $800 7
monotonous

Christi
    $800 22
the Maya

Christi
    $800 29
Pagliacci

Kay
    $1200 18
Anne Boleyn

Kay
    $1200 14
chess

Christi
    $1200 4
a rhinoceros beetle

Kay
    $1200 8
fatigue

Christi
    $3,000 23
(Christi: What is a cat?)

the sphinx

Christi
    $1200 28
The Lady of the Lake

Kay
    $1600 19
Catherine Parr & Catherine Howard

Kay
    $1600 15
a bog

Kay
    $1600 5
a rhizome

Kay
    $1600 9
ennui

Kay
    $1600 24
Machu Picchu

Christi
    $1600 27
(Johann) Strauss

Kay
    $2000 20
Anne of Cleves

Kay
    $2000 16
slope style

Triple Stumper
    $2000 6
a rhombus

Christi
    $2000 10
tedious

Christi
    $2000 25
Heidelberg man

Triple Stumper
    $2000 26
Puccini

Christi

Scores at the end of the Double Jeopardy! Round:

Christi Kay Sally
$13,600 $30,200 $1,600
(lock game)

[wagering suggestions for these scores]

Final Jeopardy! Round responses

FICTIONAL LOCALES
SallyWhat is Bali Hi
$1,000
ChristiWhat is Shangri-La?
$9,000
KayWhat is Shangri Shangri-La?
$2,999
Shangri-La

Final scores:

Christi Kay Sally
$22,600 $33,199 $600
2nd place: $2,000 New champion: $33,199 3rd place: $1,000

Game dynamics:

Coryat scores:

Christi Kay Sally
$16,600 $23,400 $1,600
23 R,
4 W
(including 1 DD)
24 R
(including 2 DDs),
1 W
5 R,
0 W

Combined Coryat: $41,600

The J! Archive is created by fans, for fans. The Jeopardy! game show and all elements thereof, including but not limited to copyright and trademark thereto, are the property of Jeopardy Productions, Inc. and are protected under law. This website is not affiliated with, sponsored by, or operated by Jeopardy Productions, Inc. Join the discussion at JBoard.tv.